Jan Amos Komenský a jeho odkaz dnešku

Salvato in:
Dettagli Bibliografici
Natura: Libro
Lingua:ceco
Pubblicazione: Praha Stát. ped. nakl. 1987
Edizione:1. vyd.
Serie:Z dějin pedagogiky
Tags: Aggiungi Tag
Nessun Tag, puoi essere il primo ad aggiungerne!!

MARC

LEADER 00000nam a2200000 4500
001 c032323
005 20221206140136.3
041 0 |a cze 
044 |a CZ 
245 1 0 |a Jan Amos Komenský a jeho odkaz dnešku 
250 |a 1. vyd. 
264 1 |a Praha  |b Stát. ped. nakl.  |c 1987 
300 |a 178 s. 
490 1 |a Z dějin pedagogiky 
830 0 |a Z dějin pedagogiky